Микротвердость и дефектность кристаллов твердых растворов щелочногалоидных соединений системы KCl-KBr; Известия вузов. Физика; № 1

Dades bibliogràfiques
Parent link:Известия вузов. Физика=Russian Physics Journal.— , 1958-2017, 2020-.— 0021-3411
№ 1.— 1966.— С. 29-32
Autor principal: Трескина М. Н.
Altres autors: Долгих Л. Ф.
Idioma:rus
Publicat: 1966
Matèries:
Format: MixedMaterials Capítol de llibre
KOHA link:https://koha.lib.tpu.ru/cgi-bin/koha/opac-detail.pl?biblionumber=591131

MARC

LEADER 00000naa2a2200000 4500
001 591131
005 20231101131639.0
035 |a (RuTPU)RU\TPU\tpu\1121 
035 |a TPU00001121 
090 |a 591131 
100 |a 20011210a1966 k y0rusy50 ca 
101 0 |a rus 
102 |a RU 
200 1 |a Микротвердость и дефектность кристаллов твердых растворов щелочногалоидных соединений системы KCl-KBr  |f М. Н. Трескина, Л. Ф. Долгих 
320 |a Библиогр.: 12 назв. 
461 0 |0 (RuTPU)RU\TPU\prd\191  |x 0021-3411  |t Известия вузов. Физика  |l Russian Physics Journal  |d 1958-2017, 2020- 
463 0 |0 (RuTPU)RU\TPU\prd\76662  |t № 1  |v С. 29-32  |d 1966 
610 1 |a физика 
610 1 |a щелочно-галоидные соединения 
610 1 |a твердые растворы 
610 1 |a кристаллы 
610 1 |a микротвердость 
610 1 |a дефектность 
610 1 |a труды учёных ТПУ 
700 1 |a Трескина  |b М. Н. 
701 1 |a Долгих  |b Л. Ф. 
801 0 |a RU  |b 63413507  |c 20011210  |g PSBO 
801 2 |a RU  |b 63413507  |c 20220726  |g PSBO 
942 |c BK